[Event "Chessung Gp1"]
[Site "Guantanamo"]
[Date "2017.02.18"]
[Round "4.3"]
[White "Cazulo Ramirez, Jesus David"]
[Black "Mastrapa Gonzalez, Roger Sandro"]
[Result "1/2-1/2"]
[WhiteElo "2277"]
[BlackElo "2223"]
[PlyCount "63"]
[EventDate "2017.02.16"]
[EventType "tourn"]
[EventRounds "10"]
[EventCountry "CUB"]
[EventCategory "1"]
[SourceTitle "EXT 2023"]
[Source "ChessBase"]
[SourceDate "2022.10.05"]
[SourceVersion "1"]
[SourceVersionDate "2022.10.05"]
[SourceQuality "1"]

1. e4 e5 2. Nf3 Nc6 3. Bb5 a6 4. Ba4 Nf6 5. Qe2 Bd6 6. c3 0-0 7. 0-0 Re8 8. d3 b5 9. Bb3 Na5 10. Bc2 c5 11. a3 Bf8 12. Re1 Nc6 13. Bb3 h6 14. Nbd2 Bb7 15. Ba2 b4 16. h3 a5 17. a4 Rb8 18. Bc4 Qc7 19. Nh4 Ne7 20. Qf3 bxc3 21. bxc3 d5 22. exd5 Bxd5 23. Ne4 Nxe4 24. Rxe4 Bxe4 25. Qxf7+ Kh7 26. dxe4 Qc6 27. Bb5 Rxb5 28. axb5 Qxb5 29. Rxa5 Qxa5 30. Qxe8 Qxc3 31. Be3 Kg8 32. Nf3 1/2-1/2